| 000 | 00507nam a22001817a 4500 | ||
|---|---|---|---|
| 999 |
_c19460 _d19460 |
||
| 003 | AR-CdUCM | ||
| 008 | 190517b ||||| |||| 00| 0 spa d | ||
| 040 |
_aMUNICIPALIDAD PROVINCIAL DEL CUSCO _cBIBLIOTECA MUNICIPAL DEL CUSCO |
||
| 082 |
_a863 / _bV19 |
||
| 100 |
_aValera, Juan _97796 |
||
| 245 |
_aDoña Luz : _bnovela / |
||
| 260 |
_aBuenos Aires : _bSopena Argentina, _c1943. |
||
| 300 |
_a155 páginas ; _c23 cm. |
||
| 505 | _aNovela. | ||
| 650 |
_aNovela. _95 |
||
| 942 |
_2ddc _cLIBROS |
||
| 945 | _awfj | ||